El abuelo Jakob / (Registro nro. 12130)

Detalles MARC
000 -LIDER
fixed length control field 01088nam a22003257a 4500
001 - NÚMERO DE CONTROL
Identificador de número de control 000757
003 - IDENTIFICACDOR DE NÚMERO DE CONTROL
control field DO-SdBNP
005 - DATE AND TIME OF LATEST TRANSACTION
control field 20180212153012.0
007 - CAMPOS FIJOS DE DESCRIPCIÓN FÍSICA
fixed length control field 000757
008 - ELEMENTOS DE LONGITUD FIJA
fixed length control field 161128b 1993 sp a ||||| |||| 00| 0 spa d
020 ## - ISBN
International Standard Book Number 8434827549
040 ## - FUENTE DE CATALOGACIÓN
Agencia que crea de manera original el registro BPMSU
Idioma de catalogación spa
Agencia que realiza la transcripción BPMSU
082 ## - NÚMERO DE CLASIFICACIÓN DECIMAL DE DEWEY
Classification number xxxx
Item number xxxx
100 1# - ASIENTO PRINCIPAL -- NOMBRE PERSONAL
Nombre personal Haupt, Barbara
240 1# - TITULO UNIFORME
Título uniforme Vater Jakob.
Idioma de una obra Español
245 10 - MENCIÓN DE TITULO
Título El abuelo Jakob /
Mención de responsabilidad Barbara Haupt ; traducción del alemán, Elsa Alfonso Mori ; ilustraciones, Ana López Escrivá.
250 ## - MENCIÓN DE EDICION
Mención de edición 4a ed.
260 ## - PUBLICACIÓN, DISTRIBUCIÓN, ETC. (PIE DE IMPRENTA)
Lugar de publicación, distribución, etc Madrid :
Nombre del editor, distribuidor, etc. SM.
Fecha de publicación, distribución, etc 1993
300 ## - DESCRIPCIÓN FÍSICA
Extensión 95 p. :
Otros detalles físicos il. ;
Dimensiones 19 cm.
490 1# - MENCIÓN DE SERIES
Mención de serie El barco de vapor. Serie azul
Volume/sequential designation 32
500 ## - NOTA GENERAL
Nota general "A partir de 7 años"
500 ## - NOTA GENERAL
Nota general Incluye datos del autor en la solapa de la contracubierta.
500 ## - NOTA GENERAL
Nota general Traducción de: Vater Jakob oder Der Langeweilewurm
700 12 - ASIENTO SECUNDARIO -- NOMBRE PERSONAL
Nombre personal Alfonso Mori, Elsa,
Mención de responsabilidad tr.
700 12 - ASIENTO SECUNDARIO -- NOMBRE PERSONAL
Nombre personal López Escrivá, Ana,
Mención de responsabilidad il.
830 #0 - ASIENTO SECUNDARIO DE SERIE--TÍTULO UNIFORME
Título uniforme El barco de vapor. Serie azul ;
Volume number/sequential designation 32
942 ## - ADDED ENTRY ELEMENTS (KOHA)
Source of classification or shelving scheme Dewey Decimal Classification
Koha item type Libros
945 ## - INFORMACIÓN DE PROCESAMIENTO LOCAL
Información de procesamiento local Inventariado, 2018 / BT
956 ## - LOCAL ELECTRONIC LOCATION AND ACCESS (OCLC)
Método de acceso LOPEREZ
Materiales especificados 10
Enlace 20161128
Campo enlazado y núm. de secuencia BPMSU
Nombre de host 00041
Existencias
Withdrawn status Lost status Source of classification or shelving scheme Damaged status Not for loan Collection code Home library Current library Date acquired Source of acquisition Total Checkouts Full call number Barcode Date last seen Price effective from Koha item type
    Dewey Decimal Classification     Colección Infantil General Biblioteca Pública Metropolitana Salomé Ureña Biblioteca Pública Metropolitana Salomé Ureña 11/28/2016 Sin sellar   xxxx xxxx BPMSU16111590 11/28/2016 11/28/2016 Libros